00458nam a2200193Ia 4500008004100000020001400041050001400055100001800069245002100087245002100108245003500129260001500164260001600179260000900195300001500204300002700219300001000246500000800256170918s9999 xx 000 0 und d a395919037 bR456 1998 aRey, Margaret aCurious George : bmakes pancakes / cby Margaret Rey and H. A. Rey. aNew York : bScholastic, c1998 a24 pages : bcolored illustration ; c21cm. a340